shadowhunters most popular characters - Statistics

General Stats
  • This quiz has been taken 760 times
    759 since last reset
  • The average score is 14 of 27
Answer Stats
Hint126 Answer % Correct
1 clary
99%
2 jace
99%
3 alec
98%
7 magnus
95%
5 simon
92%
4 izzy
84%
6 luke
82%
15 valentine
78%
9 jocelyn
73%
13 raphael
70%
11 max
66%
8 maia
63%
10 maryse
61%
14 sebastian
58%
12 robert
55%
20 camille
41%
18 hodge
32%
26 will
30%
17 jordan
29%
25 tessa
29%
22 emma
23%
27 james
20%
19 dot
19%
21 imogen
15%
24 maureen
10%
23 rebecca
10%
16 jonothen
1%
No matching quizzes found
Score Distribution
Percent of People with Each Score
Percentile by Number Answered
Your Score History
You have not taken this quiz since the last reset